Statystyki dla Czesław Niemen ''Sen o Warszawie'' - uzupełnianka

Kliknij tutaj aby rozwiązać quiz!

Ogólne statystyki

  • Ten quiz został rozwiązany 50 razy
  • Średni wynik to 19 z 28

Statystyki odpowiedzi

.Uzupełnianka% Poprawnych
.{Mam} {tak} {samo} {jak} {ty}
98%
.{Mam} {tak} {samo} {jak} {ty}
98%
.{Miasto} {moje}, {a} {w} {nim}
93%
.{Miasto} {moje}, {a} {w} {nim}
93%
.{Najpiękniejszy} {mój} {świat}
88%
.{Najpiękniejszy} {mój} {świat}
88%
.{Najpiękniejsze} {dni}
86%
.{Najpiękniejsze} {dni}
86%
.{Zostawiłem} {tam} {kolorowe} {sny}
81%
.{Zostawiłem} {tam} {kolorowe} {sny}
81%
.{Gdzie} {moje} {sny}
70%
.{I} {na} {skrzydłach} {jak} {ptak}
70%
.{Gdybyś} {ujrzeć} {chciał} {nadwiślański} {świt}
67%
.{Gdybyś} {ujrzeć} {chciał} {nadwiślański} {świt}
67%
.{Kiedyś} {zatrzymam} {czas}
67%
.{Będe} {leciał} {co} {sił} - {tam}
60%
.{Warszawski} {dzień}
60%
.{Warszawski} {dzień}
60%
.{Warszawski} {dzień}
60%
.{Warszawski} {dzień}
60%
.{Warszawski} {dzień}
60%
.{Już} {dziś} {wyruszaj} {ze} {mną} {tam}
58%
.{Już} {dziś} {wyruszaj} {ze} {mną} {tam}
58%
.{Zobaczysz} {jak} {przywita} {pięknie} {nas}
56%
.{Zobaczysz} {jak} {przywita} {pięknie} {nas}
56%
.{Zobaczysz} {jak} {przywita} {pięknie} {nas}
56%
.{I} {warszawski} {dzień}
33%
.{Kolorowe} {dni}
14%

Rozkład punktacji

Percentyl według liczby udzielonych odpowiedzi

Procent ludzi z każdym wynikiem

Twoja historia wyników

Nie rozwiązałeś tego quizu